000 00617nam a2200229 a 4500
001 BRCA_7892
005 20190320210036.0
008 060214s1951----sp-a######---#000-0#spa-#
041 _aspa
044 _asp
050 4 _aNB801
_b.G66 1951
100 1 _aGómez Moreno, Ma. Elena
_919520
245 1 0 _aBreve historia de la escultura española
_cpor Ma. Elena Gómez Moreno.
250 _a2
260 _aMadrid
_bDossat
_c1951
300 _a245 p.
_bil., 164 láminas
_c25 cm.
500 _aY156
650 1 4 _aEscultura española
_97921
650 1 4 _aEscultura
_xHistoria
_93347
902 _aGFM
942 _2lcc
_cB
999 _c7564
_d7564